00505nam a2200169 a 450000100080000000500110000800800410001910000200006024500870008026000470016730000100021449000460022465000130027065300090028370000210029270000220031314981552024-09-27 2001 bl uuuu u0uu1 u #d1 aMOURA, G. de M. aAptidão natural para o cultivo da mandioca (Manihot esculenta) no estado do Acre. aRio Branco, AC: SECTMA: Embrapa Acrec2001 a13 p. a(Sectma. Informativo Técnico ZEE/AC, 9). aMandioca aAcre1 aAMARAL, E. F. do1 aARAÚJO, E. A. de